000 01013cam a2200253 a 4500
001 1674008
005 20020624111413.0
008 990127s1999 paua 001 0 eng
010 _a 98085074
020 _a0340691867
040 _aDLC
_cDLC
050 0 0 _aTL240
_b.H44 1999
082 0 0 _a629.23
_222
_bHEI
100 1 _aHeisler, Heinz.
_96860
245 1 0 _aVehicle and engine technology /
_cHeinz Heisler.
250 _a2nd ed.
260 _aWarrendale, PA :
_bSAI (Engineering Society for Advancing Mobility Land Sea Air and Space International),
_cc1999.
300 _axiii, 783 p. :
_bill. ;
_c25 cm.
500 _aIncludes index.
650 0 _aAutomobiles
_xDesign and construction.
_96861
942 _2ddc
_cBB
999 _c12014
_d12014